<?xml version="1.0" encoding="UTF-8"?>
<record
    xmlns:xsi="http://www.w3.org/2001/XMLSchema-instance"
    xsi:schemaLocation="http://www.loc.gov/MARC21/slim http://www.loc.gov/standards/marcxml/schema/MARC21slim.xsd"
    xmlns="http://www.loc.gov/MARC21/slim">

  <leader>02570nam a2200325uu 4500</leader>
  <controlfield tag="001">1341491</controlfield>
  <controlfield tag="005">20260508084524.0</controlfield>
  <controlfield tag="008">130903s2008                        eng  </controlfield>
  <datafield tag="020" ind1=" " ind2=" ">
    <subfield code="a">9783540773054</subfield>
  </datafield>
  <datafield tag="035" ind1=" " ind2=" ">
    <subfield code="a">1341491</subfield>
  </datafield>
  <datafield tag="040" ind1=" " ind2=" ">
    <subfield code="c">comduadb</subfield>
  </datafield>
  <datafield tag="041" ind1=" " ind2=" ">
    <subfield code="a">eng</subfield>
  </datafield>
  <datafield tag="082" ind1=" " ind2="4">
    <subfield code="a">551</subfield>
  </datafield>
  <datafield tag="100" ind1="1" ind2="0">
    <subfield code="a">Ganguly, Jibamitra</subfield>
    <subfield code="4">aut</subfield>
    <subfield code="e">aut</subfield>
    <subfield code="9">659182</subfield>
  </datafield>
  <datafield tag="245" ind1="1" ind2="0">
    <subfield code="a">Thermodynamics in earth and planetary sciences</subfield>
  </datafield>
  <datafield tag="260" ind1=" " ind2=" ">
    <subfield code="a">Berlin :</subfield>
    <subfield code="b">Springer-Verlag,</subfield>
    <subfield code="c">2008.</subfield>
  </datafield>
  <datafield tag="300" ind1=" " ind2=" ">
    <subfield code="a">xxv, 501 p.: il.</subfield>
  </datafield>
  <datafield tag="505" ind1=" " ind2=" ">
    <subfield code="a">CONTENIDO : Introducci&#xF3;n. - Primera y segunda ley. - Los potenciales termodin&#xE1;micos y propiedades derivadas. - Tercera ley y termoqu&#xED;mica. - Fen&#xF3;meno cr&#xED;tico y ecuaciones de estado. - Transiciones de fase, la fusi&#xF3;n y las reacciones de las fases estequiom&#xE9;tricas. - La presi&#xF3;n t&#xE9;rmica, procesos interiores y adiab&#xE1;ticos de la Tierra. - Termodin&#xE1;mica de soluciones. - Soluci&#xF3;n de termodin&#xE1;mica y los modelos de mezcla: no electrol&#xED;ticas. - Equilibrios que implica soluciones y mezclas gaseosas. - Elemento de fraccionamiento en sistemas geol&#xF3;gicos. - Soluciones de electrolitos y de la electroqu&#xED;mica. - Efectos de superficie. - Ap&#xE9;ndice A: La tasa de producci&#xF3;n de entrop&#xED;a y las consecuencias cin&#xE9;ticas. - Ap&#xE9;ndice B: Revisi&#xF3;n de algunas relaciones matem&#xE1;ticas. - Anexo C: Estimaci&#xF3;n de las propiedades termodin&#xE1;micas de los s&#xF3;lidos.</subfield>
  </datafield>
  <datafield tag="520" ind1="3" ind2=" ">
    <subfield code="a">Provides an exposition of a large spectrum of geological, geochemical and geophysical problems that are amenable to thermodynamic analysis. It also includes selected problems in planetary sciences, relationships between thermodynamics and microscopic properties, particle size effects, methods of approximation of thermodynamic properties of minerals, and some kinetic ramifications of entropy production. Many of these features are frequently missing in textbooks, but are very important with respect to problems in Earth and Planetary Sciences. The textbook will enable graduate students and researchers alike to develop an appreciation of the fundamental principles of thermodynamics, and their wide ranging applications to natural processes and systems.</subfield>
  </datafield>
  <datafield tag="650" ind1=" " ind2="7">
    <subfield code="a">Leyes de la termodin&#xE1;mica</subfield>
    <subfield code="2">armarc</subfield>
    <subfield code="9">14405</subfield>
  </datafield>
  <datafield tag="650" ind1=" " ind2="7">
    <subfield code="a">Termodin&#xE1;mica</subfield>
    <subfield code="2">lemb</subfield>
    <subfield code="9">55599</subfield>
  </datafield>
  <datafield tag="650" ind1=" " ind2=" ">
    <subfield code="a">Entrop&#xED;a</subfield>
    <subfield code="9">34298</subfield>
  </datafield>
  <datafield tag="650" ind1=" " ind2=" ">
    <subfield code="a">Electroqu&#xED;mica</subfield>
    <subfield code="9">2021</subfield>
  </datafield>
  <datafield tag="650" ind1=" " ind2=" ">
    <subfield code="a">Termodin&#xE1;mica de soluciones</subfield>
    <subfield code="9">188458</subfield>
  </datafield>
  <datafield tag="650" ind1=" " ind2=" ">
    <subfield code="a">Ciencias de la tierra</subfield>
    <subfield code="9">43824</subfield>
  </datafield>
  <datafield tag="650" ind1=" " ind2=" ">
    <subfield code="a">An&#xE1;lisis T&#xE9;rmico en Ciencias de la Tierra</subfield>
    <subfield code="9">5041</subfield>
  </datafield>
  <datafield tag="650" ind1=" " ind2=" ">
    <subfield code="a">Geoqu&#xED;mica</subfield>
    <subfield code="9">32360</subfield>
  </datafield>
  <datafield tag="650" ind1=" " ind2=" ">
    <subfield code="a">Planetas - Geolog&#xED;a</subfield>
    <subfield code="9">205266</subfield>
  </datafield>
  <datafield tag="942" ind1=" " ind2=" ">
    <subfield code="c">BOOK</subfield>
  </datafield>
  <datafield tag="999" ind1=" " ind2=" ">
    <subfield code="c">666514</subfield>
    <subfield code="d">666514</subfield>
  </datafield>
  <datafield tag="952" ind1=" " ind2=" ">
    <subfield code="0">0</subfield>
    <subfield code="1">0</subfield>
    <subfield code="4">0</subfield>
    <subfield code="7">0</subfield>
    <subfield code="8">GEN</subfield>
    <subfield code="a">BC</subfield>
    <subfield code="b">BC</subfield>
    <subfield code="d">2013-09-03</subfield>
    <subfield code="e">Amazon.Com</subfield>
    <subfield code="g">198083.00</subfield>
    <subfield code="i">C1185486</subfield>
    <subfield code="l">0</subfield>
    <subfield code="o">551.9 G197</subfield>
    <subfield code="p">0985191</subfield>
    <subfield code="r">2023-05-02 00:00:00</subfield>
    <subfield code="t">1</subfield>
    <subfield code="w">2023-05-02</subfield>
    <subfield code="y">BOOK</subfield>
  </datafield>
</record>
